Vývoj napreduje, predaj klesá
Trh s bielou a čiernou technikou prechádza zmenami. Špecifiká predaja toho segmentu. Dve trotichodné kategórie oslovujúce zákazníka. Rozšírenie predaja na splátky. Vybavenosť elektrospotrebičmi v domácnostiach.
Na minha lista:
| Autor principal: | |
|---|---|
| Formato: | Capítulo de Livro |
| Idioma: | eslovaco |
| Assuntos: | |
| Tags: |
Sem tags, seja o primeiro a adicionar uma tag!
|
MARC
| LEADER | 00000naa a2200000 4500 | ||
|---|---|---|---|
| 001 | r042233 | ||
| 005 | 20231004093804.9 | ||
| 041 | 0 | |a slo | |
| 044 | |a SK | ||
| 245 | 1 | 0 | |a Vývoj napreduje, predaj klesá |c Daniel Košťál |
| 520 | |a Trh s bielou a čiernou technikou prechádza zmenami. Špecifiká predaja toho segmentu. Dve trotichodné kategórie oslovujúce zákazníka. Rozšírenie predaja na splátky. Vybavenosť elektrospotrebičmi v domácnostiach. | ||
| 610 | 2 | 0 | |a domácnosti |
| 610 | 2 | 0 | |a vybavenosť domácností |
| 610 | 2 | 0 | |a elektronika |
| 610 | 2 | 0 | |a elektronika spotrebná |
| 610 | 2 | 0 | |a Slovensko |
| 100 | 1 | |a Košťál, Daniel | |